| 000 | 00744nam a2200229 a 4500 | ||
|---|---|---|---|
| 005 | 20240228064233.0 | ||
| 008 | 160428s2002 cl r 000 0 spa d | ||
| 020 | _a9789586923187 | ||
| 035 | _aUPN01000209916 | ||
| 049 | _aI | ||
| 050 | 4 |
_aHE5614 _bG6.3 |
|
| 100 | 1 |
_aGomboli, Mario, _d1947- _938834 |
|
| 245 | 1 | 0 |
_aEducación vial : _blos consejos de lobo rojo, cosas que debes saber para salir a pasear más seguro y tranquilo / _cMario Gomboli. |
| 260 |
_aBogotá : _bSan Pablo, _c2002. |
||
| 300 | _a30 p. | ||
| 440 | 4 | _aNiños | |
| 650 | 4 |
_aSEGURIDAD VIAL - _vLITERATURA INFANTIL _921661 |
|
| 650 | 4 |
_aCivismo _xEstudio y enseñanza _95814 |
|
| 650 | 4 |
_aLibros y lectura para niños _92290 |
|
| 905 | _aInfantil | ||
| 999 |
_c182017 _d182017 |
||